Akta Kualiti Alam Sekeliling 1974 (Akta 127) & peraturan-peraturan dan perintah-perintah : (hingga 5hb Mei 2003)

Bibliographic Details
Corporate Authors: Malaysia, Lembaga Penyelidikan Undang-Undang
Format: Book
Published: Petaling Jaya : International Law Book Services , 2003
Series:Undang-undang Malaysia
Subjects:

MARC

LEADER 00000cam a2200000 7i4500
001 0000003312
005 20050823.0
020 0 0 |a 9678913682 
090 0 0 |a 344.595046   |b MAL 
110 1 0 |a Malaysia 
245 1 0 |a Akta Kualiti Alam Sekeliling 1974 (Akta 127) & peraturan-peraturan dan perintah-perintah :   |b (hingga 5hb Mei 2003)   |c disusun oleh Lembaga Penyelidikan Undang-Undang 
260 0 0 |a Petaling Jaya :   |b International Law Book Services ,   |c 2003 
300 |a iv, 274ms. ;   |c 24cm. 
440 0 0 |a Undang-undang Malaysia 
650 0 0 |a Environmental law   |z Malaysia 
650 0 0 |a Pollution   |x Law and legislation   |z Malaysia 
710 2 1 |a Lembaga Penyelidikan Undang-Undang 
999 |a 0000005177   |b Monograph   |c Acts   |e Default branch